00270nam a22000857a 4500020001800000245010000018260004100118300001700159563000800176 a9781781634141 aEncyclopaedia of The Rule of Law, Islam and Constitutional Politics /cEdited by Derrick Miller aLondon:bKoros Press Limited,c2015. a3 Volume Set aHB.